Riconoscere e aiutare i bambini precoci (Record n. 211152)

Dettagli MARC
000 -LEADER
fixed length control field 01046nam a2200205Ia 4500
001 - CONTROL NUMBER
control field b5940-40820
003 - CONTROL NUMBER IDENTIFIER
control field IT-MiCISF
008 - FIXED-LENGTH DATA ELEMENTS--GENERAL INFORMATION
fixed length control field 161014s9999||||xx |||||||||||||| ||und||
040 ## - CATALOGING SOURCE
Original cataloging agency IT-MiCISF
Transcribing agency IT-MiCISF
041 ## - LANGUAGE CODE
Language code of text/sound track or separate title it
999 ## - SYSTEM CONTROL NUMBERS (KOHA)
Koha Dewey Subclass [OBSOLETE] si
100 ## - MAIN ENTRY--PERSONAL NAME
Personal name Louis Jean-Marc
245 #0 - TITLE STATEMENT
Title Riconoscere e aiutare i bambini precoci
250 ## - EDITION STATEMENT
Edition statement 1a ed.
260 ## - PUBLICATION, DISTRIBUTION, ETC. (IMPRINT)
Place of publication, distribution, etc. Roma
Name of publisher, distributor, etc. Edizioni Magi
Date of publication, distribution, etc. 2002- [Edizione originale: 2002]
300 ## - PHYSICAL DESCRIPTION
Extent pp. 151
500 ## - GENERAL NOTE
General note / infanzia, apprendimento, educazione-bambini, problemi-educazione, famiglia, scuola / Il bambino precoce è sempre esistito: la difficoltà sta nel riconoscerlo. Di solito etichettato come "genialoide" o "problematico", il bambino all'inizio sorprende ma presto sconcerta. La prima parte del libro è dedicata al riconoscimento della precocità, a cui seguono riflessioni e indicazioni pratiche per i genitori e per i diversi operatori al fine di favorire l'inserimento scolastico e sociale del bambino precoce.
650 ## - SUBJECT ADDED ENTRY--TOPICAL TERM
Topical term or geographic name as entry element Infanzia / infanzia
Relator term 008
942 ## - ADDED ENTRY ELEMENTS (KOHA)
Koha item type LIBRO
957 ## -
-- 1
999 ## - SYSTEM CONTROL NUMBERS (KOHA)
-- 1
Dati di copia
Withdrawn status Lost status Damaged status Not for loan Home library Current library Date acquired Total Checkouts Full call number Date last seen Price effective from Koha item type Public note
    Buone Condizioni Not For Loan CISF - Milano CISF - Milano 14/10/2016   b5940-40820 14/10/2016 14/10/2016 LIBRO Data import 15.10.2016 / by Epidotti, Vaglietti
CREDITS: SOCIETA' SAN PAOLO Via A.Severo, 58 - ROMA (RM) & PERIODICI SAN PAOLO SRL Via Giotto, 36 MILANO & CISF Via Giotto, 36 MILANO & EDIZIONI SAN PAOLO SRL,  Piazza Soncino, 5 CINISELLO BALSAMO (MI) -- ITALY